The Relationship Between Household Wealth and Financial Vulnerability in the Post-Communist Countries of the Euro Area

Skúmanie vzťahu medzi bohatstvom domácností a finančnou zraniteľnosťou v členských krajinách eurozóny pomocou údajov z European Union Household Finance and Consumption Survey (HFCS).

Gespeichert in:
Bibliographische Detailangaben
1. Verfasser: Buleca, Ján
Weitere Verfasser: Šubová, Nikola, Maličká, Lenka
Format: Buchkapitel
Sprache:Englisch
Schlagworte:
Tags: Tag hinzufügen
Keine Tags, Fügen Sie das erste Tag hinzu!

MARC

LEADER 00000naa a2200000 4500
001 0291244
005 20230224101533.9
041 0 |a eng 
044 |a SK 
245 1 0 |a The Relationship Between Household Wealth and Financial Vulnerability in the Post-Communist Countries of the Euro Area  |c Ján Buleca, Nikola Šubová, Lenka Maličká 
520 |a Skúmanie vzťahu medzi bohatstvom domácností a finančnou zraniteľnosťou v členských krajinách eurozóny pomocou údajov z European Union Household Finance and Consumption Survey (HFCS). 
610 2 0 |a bohatstvo 
610 2 0 |a domácnosti 
610 2 0 |a financie 
610 2 0 |a zadlženosť 
610 2 0 |a eurozóna 
610 2 0 |a modely ekonomické 
100 1 |a Buleca, Ján 
700 1 |a Šubová, Nikola 
700 1 |a Maličká, Lenka